000 00473nam a2200169Ia 4500
008 190509s9999 xx 000 0 und d
100 _aHowes, Ryan
245 _aIs it okay to google stalk your therapist/
245 _cRyan Howes
260 _bSussex Publisher
260 _c2018
300 _aPages 50-51, July/August 2018
440 _aPsychology Today: Turning Points
_v1/2/1900 3:04:00 AM
650 _aprivate lives
650 _astalking
650 _atherapy
999 _c361820
_d361820